| 000 | 00552nam a22002057a 4500 | ||
|---|---|---|---|
| 003 | OSt | ||
| 005 | 20140310181933.0 | ||
| 008 | 130723t xxu||||| |||| 00| 0 eng d | ||
| 020 | _a0893756105 | ||
| 050 |
_aPR 4854 _b.K57 1981 |
||
| 082 |
_aCLA _bK62k 1981 |
||
| 100 |
_aKipling, Rudyard _92818 |
||
| 245 |
_aKim _cRudyard Kipling. |
||
| 260 |
_aNew Jersey : _bWatermill classic, _cc1981. |
||
| 300 |
_a396 p. : _c18 cm. |
||
| 541 | _j1 | ||
| 562 | _e1 | ||
| 650 |
_aAdventures and adventures _xFiction. _93086 |
||
| 942 |
_2lcc _cBBK _kCLA |
||
| 999 |
_c7456 _d7456 |
||